[Event "SVK-ch U08"]
[Site "Liptovsky Mikulas"]
[Date "2016.04.16"]
[Round "1"]
[White "Vargosko, Juraj"]
[Black "Kozel, David"]
[Result "1-0"]
[WhiteElo "1495"]
[BlackElo "1000"]
[PlyCount "49"]
[EventDate "2016.04.16"]
[EventType "swiss"]
[EventRounds "9"]
[EventCountry "SVK"]
[SourceTitle "CBM 172 Extra"]
[Source "ChessBase"]
[SourceDate "2016.06.21"]
[SourceVersion "1"]
[SourceVersionDate "2016.06.21"]
[SourceQuality "1"]

1. e4 e5 2. Nf3 d6 3. Nc3 Bg4 4. Be2 Nc6 5. d3 Qd7 6. Bd2 Nf6 7. h3 Bh5 8. Nd5 Nxd5 9. exd5 Nd4 10. Nxd4 Bxe2 11. Nxe2 0-0-0 12. 0-0 h5 13. Nc3 Kb8 14. Ne2 Kc8 15. Nc3 Be7 16. Be3 g5 17. f3 g4 18. fxg4 hxg4 19. Qxg4 Qxg4 20. hxg4 Rh4 21. Rxf7 Bf8 22. Bg5 Rh1+ 23. Kxh1 Be7 24. Bxe7 Rh8+ 25. Kg1 1-0